Ethnic American Literatures and Critical Race Narratology (Record no. 93314)

MARC details
000 -LEADER
fixed length control field 02164nam a2200277Ii 4500
008 - FIXED-LENGTH DATA ELEMENTS--GENERAL INFORMATION
fixed length control field 221202s xx 000 0 und d
245 #0 - TITLE STATEMENT
Title Ethnic American Literatures and Critical Race Narratology
264 ## - PRODUCTION, PUBLICATION, DISTRIBUTION, MANUFACTURE, AND COPYRIGHT NOTICE
Name of producer, publisher, distributor, manufacturer Taylor & Francis
Date of production, publication, distribution, manufacture, or copyright notice 2023
300 ## - PHYSICAL DESCRIPTION
Extent 1 online resource
336 ## - CONTENT TYPE
Content type term text
Content type code txt
Source rdacontent
337 ## - MEDIA TYPE
Media type term computer
Media type code c
Source rdamedia
338 ## - CARRIER TYPE
Carrier type term online resource
Carrier type code cr
Source rdacarrier
520 ## - SUMMARY, ETC.
Summary, etc. Ethnic American Literatures and Critical Race Narratology explores the relationship between narra¬tive, race, and ethnicity in the United States. Situated at the intersection of narrative theory and context-oriented approaches in race, ethnic, and cultural studies, it interrogates the complex and varied ways in which ethnic American authors use narrative form to engage readers in issues related to race and ethnicity. The book's international group of contributors covers a wide range of primary texts that belong to the literary traditions of Latinx, African American, Native American, Asian American, Jewish American, and Arab American communities. They demonstrate that paying attention to the formal features of these texts changes our under¬standing of narrative theory and that narrative theories can help us to think about their representations of time and space, the narration of trauma and other emotional memories, and the importance of literary (meta)paratexts, genre structures, and author functions.
653 ## - INDEX TERM--UNCONTROLLED
Uncontrolled term Ethnic American Literatures, Critical Race Narratology, Narrative Theory, Cultural Studies, African American Literature, Arab American Literature, Asian American Literature, Chicanx Literature, Jewish American Literature, Latinx Literature, Native American Literature
700 1# - ADDED ENTRY--PERSONAL NAME
Personal name 0000-0001-6999-9076
700 1# - ADDED ENTRY--PERSONAL NAME
Personal name 0000-0002-7441-2089
700 1# - ADDED ENTRY--PERSONAL NAME
Personal name 0000-0003-2929-595X
700 1# - ADDED ENTRY--PERSONAL NAME
Personal name 600
700 1# - ADDED ENTRY--PERSONAL NAME
Personal name 600
700 1# - ADDED ENTRY--PERSONAL NAME
Personal name 600
700 1# - ADDED ENTRY--PERSONAL NAME
Personal name Grill, Mario
700 1# - ADDED ENTRY--PERSONAL NAME
Personal name Mikić, Marijana
700 1# - ADDED ENTRY--PERSONAL NAME
Personal name Weik von Mossner, Alexa
856 ## - ELECTRONIC LOCATION AND ACCESS
Uniform Resource Identifier <a href="https://docs.google.com/spreadsheets/d/1yKIrdCPDAG_9c22mwoOIO2DOhtj65Wqa/edit?usp=sharing&ouid=106555315294820607512&rtpof=true&sd=true ">https://docs.google.com/spreadsheets/d/1yKIrdCPDAG_9c22mwoOIO2DOhtj65Wqa/edit?usp=sharing&ouid=106555315294820607512&rtpof=true&sd=true </a>
Link text List of Curated E-Books
942 ## - ADDED ENTRY ELEMENTS (KOHA)
Koha item type E-Book

No items available.

University of Rizal System
Email us at univlibservices@urs.edu.ph

Visit our Website www.urs.edu.ph/library